书目信息 |
| 题名: |
太原会战
|
|
| 作者: | 高鹏 文 ;金爽 图 | |
| 分册: | ||
| 出版信息: | 北京 团结出版社 2005 |
|
| 页数: | 10,170页 | |
| 开本: | 23cm | |
| 丛书名: | 图片中国抗战丛书 | |
| 单 册: | ||
| 中图分类: | K265.106 | |
| 科图分类: | ||
| 主题词: | 抗日战争时期战役战斗 , 抗日战争时期战役战斗--太原市--史料 | |
| 电子资源: | ||
| ISBN: | 7-80130-844-1 | |
| 000 | 00949oam2 2200277 450 | |
| 001 | 002904721 | |
| 005 | 20070804152455.75 | |
| 010 | @a7-80130-844-1@dCNY26.00 | |
| 100 | @a20050627d2005 em y0chiy0110 ea | |
| 101 | 0 | @achi |
| 102 | @aCN@b110000 | |
| 105 | @aa z 000yy | |
| 200 | 1 | @a太原会战@9tai yuan hui zhan@e华北大决战@e1937年9~11月@f高鹏文@g金爽图 |
| 210 | @a北京@c团结出版社@d2005 | |
| 215 | @a10,170页@c照片@d23cm | |
| 225 | 2 | @a图片中国抗战丛书 |
| 330 | @a本书详细记录了1937年9~11月的太原会战,内容包括战前态势、战况总览、平型关大捷、忻口血战、娘子关激战、太原保卫战、战果评析。 | |
| 461 | 0 | @12001 @a图片中国抗战丛书 |
| 517 | 1 | @a华北大决战@9hua bei da jue zhan |
| 606 | 0 | @a抗日战争时期战役战斗 |
| 606 | 0 | @a抗日战争时期战役战斗@y太原市@j史料 |
| 690 | @aK265.106@v4 | |
| 701 | 0 | @a高鹏@9gao peng@f(1960.10~)@4文 |
| 702 | 0 | @a金爽@9jin shuang@c(文学)@4图 |
| 801 | 0 | @aCN@bNLC@c20070804 |
| 905 | @a10447@dK265.106@e93 | |
| 太原会战:华北大决战:1937年9~11月/高鹏文/金爽图.-北京:团结出版社,2005 |
| 10,170页:照片;23cm.-(图片中国抗战丛书) |
| ISBN 7-80130-844-1:CNY26.00 |
| 本书详细记录了1937年9~11月的太原会战,内容包括战前态势、战况总览、平型关大捷、忻口血战、娘子关激战、太原保卫战、战果评析。 |
| ● |
| 相关链接 |
|
|
|
|
正题名:太原会战
索取号:K265.106/93
 
预约/预借
| 序号 | 登录号 | 条形码 | 馆藏地/架位号 | 状态 | 备注 |
| 1 | 0803214 | 208032145 | 第二样本阅览室/ [索取号:K265.106/93] | 在馆 | |
| 2 | 0803215 | 208032154 | 第二借阅区/ [索取号:K265.106/93] | 在馆 | |
| 3 | 0803216 | 208032163 | 密集书库/ [索取号:K265.106/93] | 在馆 | |
| 4 | 0803217 | 208032172 | 第二借阅区/ [索取号:K265.106/93] | 在馆 | |
| 5 | 0803218 | 208032181 | 第二借阅区/ [索取号:K265.106/93] | 在馆 | |
| 6 | 0803219 | 208032190 | 密集书库/ [索取号:K265.106/93] | 在馆 | |
| 7 | 0803220 | 208032207 | 第二借阅区/ [索取号:K265.106/93] | 在馆 | |
| 8 | 0803221 | 208032216 | 第二借阅区/ [索取号:K265.106/93] | 在馆 | |
| 9 | 0803222 | 208032225 | 密集书库/ [索取号:K265.106/93] | 在馆 | |
| 10 | 0803223 | 208032234 | 密集书库/ [索取号:K265.106/93] | 在馆 |